Statistiques concernant Devinez le Pays Mystère #68

Cliquez ici pour prendre le quiz!

Statistiques générales

  • Ce quiz a été pris 357 fois
  • Le résultat moyen est 9 sur 13

Statistiques - réponses

Type de RéponseRéponse% Correct
Lettre TrouvéeA
98%
Lettre TrouvéeA
98%
Lettre TrouvéeN
96%
Lettre TrouvéeÏ
85%
Lettre Bien PlacéeA
78%
Lettre TrouvéeT
69%
Lettre Bien PlacéeÏ
67%
Lettre TrouvéeW
59%
Lettre Bien PlacéeA
57%
Lettre Bien PlacéeT
57%
Lettre Bien PlacéeN
56%
Pays MystèreTaïwan
56%
Lettre Bien PlacéeW
56%

Distribution des résultats

Percentile par nombre de réponses

% des personnes avec chaque résultat

Votre développement - résultats

Vous n’avez pas pris ce quiz